Zmeny v strategickom plánovaní v podniku RWE IT Slovakia s.r.o. v dôsledku hospodárskej krízy diplomová práca

Guardado en:
Detalles Bibliográficos
Autor principal: Vandžura, Stanislav
Autor Corporativo: Podnikovohospodárska fakulta EU so sídlom v Košiciach. Katedra manažmentu
Otros Autores: Polončák, Milan
Formato: Libro
Lenguaje:eslovaco
Publicado: Košice 2010
Etiquetas: Agregar Etiqueta
Sin Etiquetas, Sea el primero en etiquetar este registro!

MARC

LEADER 00000nam$a2200000$$$4500
001 0122656
005 20240318124011.4
041 0 |a slo 
044 |a SK 
245 1 0 |a Zmeny v strategickom plánovaní v podniku RWE IT Slovakia s.r.o. v dôsledku hospodárskej krízy  |b diplomová práca  |c Stanislav Vandžura ; škol. Milan Polončák 
264 1 |a Košice  |c 2010 
300 |a 73 s. 
100 1 |a Vandžura, Stanislav 
700 1 |a Polončák, Milan 
710 2 |a Podnikovohospodárska fakulta EU so sídlom v Košiciach. Katedra manažmentu